| Tag |
First Indicator |
Second Indicator |
Subfields |
| LEADER |
00000cam a2200000Ii 4500 |
| 001 |
in00003506021 |
| 005 |
20151106040949.0 |
| 008 |
140809s2015 enk e 000 0 eng d |
| 015 |
|
|
|a GBB502801
|2 bnb
|
| 016 |
7 |
|
|a 017002831
|2 Uk
|
| 019 |
|
|
|a 875240289
|
| 020 |
|
|
|a 1908276428 (paperback)
|
| 020 |
|
|
|a 9781908276421 (paperback)
|
| 035 |
|
|
|a (OCoLC)ocn889949964
|
| 035 |
|
|
|a (OCoLC)889949964
|
| 040 |
|
|
|a HQD
|b eng
|e rda
|c HQD
|d YDXCP
|d BTCTA
|d BDX
|d TOH
|d UKMGB
|d GZF
|d NYP
|d UW3
|d UtOrBLW
|
| 041 |
1 |
|
|a eng
|h spa
|
| 049 |
|
|
|a TXAM
|
| 050 |
|
4 |
|a PQ7298.418.E7986
|b S4613 2015
|
| 082 |
0 |
4 |
|a 813
|
| 100 |
1 |
|
|a Herrera, Yuri,
|d 1970-
|e author.
|
| 240 |
1 |
0 |
|a Señales que precederán al fin del mundo.
|l English
|
| 245 |
1 |
0 |
|a Signs preceding the end of the world /
|c Yuri Herrera ; translated by Lisa Dillman.
|
| 264 |
|
1 |
|a London ;
|a New York :
|b And other stories,
|c 2015.
|
| 300 |
|
|
|a 114 pages ;
|c 20 cm
|
| 336 |
|
|
|a text
|b txt
|2 rdacontent
|
| 337 |
|
|
|a unmediated
|b n
|2 rdamedia
|
| 338 |
|
|
|a volume
|b nc
|2 rdacarrier
|
| 500 |
|
|
|a First published as Señales que precederán al fin del mundo in 2009.
|
| 520 |
|
|
|a Yuri Herrera does not simply write about the border between Mexico and the United States and those who cross it. He explores the crossings and translations people make in their minds and language as they move from one country to another, especially when there's no going back. Traversing this lonely territory is Makina, a young woman who knows only too well how to survive in a violent, macho world. Leaving behind her life in Mexico to search for her brother, she is smuggled into the USA carrying a pair of secret messages -- one from her mother and one from the Mexican underworld.
|
| 650 |
|
0 |
|a Illegal aliens
|v Fiction.
|
| 650 |
|
0 |
|a Smuggling
|v Fiction.
|
| 651 |
|
0 |
|a Mexican-American Border Region
|v Fiction.
|
| 700 |
1 |
|
|a Dillman, Lisa,
|e translator.
|
| 938 |
|
|
|a YBP Library Services
|b YANK
|n 11725925
|
| 938 |
|
|
|a Baker and Taylor
|b BTCP
|n BK0014703450
|
| 938 |
|
|
|a Brodart
|b BROD
|n 109031164
|
| 947 |
|
|
|a A14842961212
|
| 945 |
|
|
|a PromptCat
|b 125018
|
| 946 |
|
|
|a stk
|
| 948 |
|
|
|a Cataloged
|b h
|c 2015/3/26
|d c
|e LDuncan
|
| 994 |
|
|
|a 92
|b TXA
|
| 999 |
|
|
|a MARS
|
| 999 |
f |
f |
|s e125df74-e19f-3b51-8fc4-e77512c1ef67
|i 98539744-c9d2-3592-ad4d-38498963dca4
|t 0
|
| 952 |
f |
f |
|p 4_hour
|a Texas A&M University
|b College Station
|c Sterling C. Evans Library
|d Evans: Media and Reserves (Evans 1st floor)
|t 0
|e PQ7298.418.E7986 S4613 2015
|h Library of Congress classification
|i unmediated -- volume
|m A14842961212
|
| 998 |
f |
f |
|a PQ7298.418.E7986 S4613 2015
|t 0
|l Evans: Library Stacks
|